[Event "Titled Tuesday intern op 04th Mar Early"]
[Site "Chess.com INT"]
[Date "2025.03.04"]
[Round "9"]
[White "Goltsev, Dmitry"]
[Black "Jovic, Stanoje"]
[Result "1-0"]
[WhiteElo "2226"]
[BlackElo "2096"]
[PlyCount "73"]
[EventDate "2025.03.04"]
[EventType "swiss (blitz)"]
[EventRounds "11"]
[EventCountry "USA"]
[SourceTitle "CB11_2025"]
[SourceDate "2025.03.12"]
[SourceVersion "1"]
[SourceVersionDate "2025.03.12"]
[SourceQuality "1"]

1. d4 Nf6 2. Nc3 d5 3. Bf4 e6 4. Nb5 Bd6 5. Nxd6+ cxd6 6. e3 0-0 7. h3 Nc6 8. Nf3 Re8 9. Be2 e5 10. Bg5 Bf5 11. 0-0 h6 12. dxe5 dxe5 13. Bxf6 Qxf6 14. Qxd5 Bxc2 15. Rac1 Rad8 16. Qb5 Be4 17. Rfd1 a6 18. Qb3 b5 19. Nd2 Bd5 20. Qa3 Ne7 21. Bf3 Bxf3 22. Nxf3 Nf5 23. Qc5 e4 24. Nd4 Nxd4 25. exd4 e3 26. fxe3 Rxe3 27. Rf1 Qg6 28. Rc2 Rd3 29. Rcf2 f6 30. Qb6 R8xd4 31. Qxa6 Rxh3 32. Qc8+ Kh7 33. Qxh3 Rg4 34. Qf3 Rg5 35. Re1 h5 36. Qe4 f5 37. Qe6 1-0

[Event "Titled Tuesday intern op 04th Mar Early"]
[Site "Chess.com INT"]
[Date "2025.03.04"]
[Round "11"]
[White "Goltsev, Dmitry"]
[Black "Noy, Eyal"]
[Result "1-0"]
[WhiteElo "2226"]
[BlackElo "2337"]
[PlyCount "59"]
[EventDate "2025.03.04"]
[EventType "swiss (blitz)"]
[EventRounds "11"]
[EventCountry "USA"]
[SourceTitle "CB11_2025"]
[SourceDate "2025.03.12"]
[SourceVersion "1"]
[SourceVersionDate "2025.03.12"]
[SourceQuality "1"]

1. e4 c6 2. e5 d6 3. exd6 Qxd6 4. d4 Nf6 5. Nf3 Bg4 6. Be2 Nbd7 7. h3 Bh5 8. 0-0 e6 9. Bg5 Ne4 10. Bh4 Be7 11. Bxe7 Qxe7 12. Nbd2 Nxd2 13. Nxd2 Bxe2 14. Qxe2 0-0 15. Ne4 Nf6 16. Nc5 Rfd8 17. c3 b5 18. Rae1 a5 19. Qf3 Nd5 20. Re5 Qf6 21. Qg3 b4 22. Rfe1 Rab8 23. R5e4 bxc3 24. Nd7 Rxd7 25. Qxb8+ Rd8 26. Qb3 cxb2 27. Qxb2 Nf4 28. Qb6 Rd5 29. Qb8+ Rd8 30. Qxf4 1-0

[Event "Titled Tuesday intern op 25th Feb Early"]
[Site "Chess.com INT"]
[Date "2025.02.25"]
[Round "8"]
[White "Estrada Nieto, Julian"]
[Black "Goltsev, Dmitry"]
[Result "1-0"]
[WhiteElo "2184"]
[BlackElo "2226"]
[PlyCount "65"]
[EventDate "2025.02.25"]
[EventType "swiss (blitz)"]
[EventRounds "11"]
[EventCountry "USA"]
[SourceTitle "CB10_2025"]
[SourceDate "2025.03.05"]
[SourceVersion "1"]
[SourceVersionDate "2025.03.05"]
[SourceQuality "1"]

1. e4 e6 2. d4 d5 3. Nd2 c5 4. exd5 exd5 5. Ngf3 Nf6 6. Bb5+ Nc6 7. 0-0 Be7 8. dxc5 Bxc5 9. Nb3 Bb6 10. Re1+ Be6 11. Be3 0-0 12. Bxb6 Qxb6 13. Bd3 Bg4 14. Be2 Rfe8 15. c3 Rad8 16. Nfd4 Nxd4 17. Nxd4 Qxb2 18. Bxg4 Nxg4 19. Qxg4 Qxc3 20. Rec1 Qb2 21. Rab1 Qxa2 22. Nf5 g6 23. Nh6+ Kg7 24. Rxb7 Kxh6 25. Qf4+ Kh5 26. g4+ Kh4 27. g5+ Kh5 28. Rxf7 h6 29. f3 Re4 30. fxe4 dxe4 31. Rh7 Rh8 32. Rxh8 Qd5 33. Rxh6# 1-0